| 000 | nam a22 7a 4500 | ||
|---|---|---|---|
| 999 |
_c15386 _d15386 |
||
| 008 | 161031b xxu||||| |||| 00| 0 eng d | ||
| 020 | _a0495115665 | ||
| 020 | _a9780495115663 | ||
| 050 | _aH 62 .R69 2008 | ||
| 100 | _aRoyse, David D. | ||
| 245 |
_aResearch methods in social work/ _cDavid D. Royse |
||
| 250 | _a5th ed. | ||
| 260 |
_aAustralia : _bBrooks/Cole Cengage Learning, _c©2008. |
||
| 300 |
_axviii, 395p. : _bill. ; _c23cm. |
||
| 500 | _aIncludes bibliography and index. | ||
| 650 |
_aSocial service _x Research _y Methodology. |
||
| 942 |
_2lcc _cBOOKS _hH 62 .R69 2008 _03 |
||